• 首页
  • 本馆介绍
  • 公告通知
  • 最新文献
  • 馆藏检索
  • 电子资源
  • 读者导购
  • 参考咨询
  • 我的图书馆
  • 登录
  • 详细信息显示
  • 放入我的书架
  • 预约/预借图书
  • 作者相关作品
  • 分类相关作品
  • 丛书相关作品
  • 出版社相关作品

书目信息

  • 表格格式
  • 工作单格式
  • 卡片格式
题名:
女人的弱点
    
 
作者: 宇琦 , 尹逸如 编著
分册:  
出版信息: 北京   中国华侨出版社  2010
页数: 276页
开本: 24cm
丛书名:
单 册:
中图分类: B848.4
科图分类:
主题词: 女性心理学--成功心理--通俗读物 , 女性心理学 , 成功心理
电子资源:
ISBN: 978-7-5113-0403-2
000 01006nam0 2200277 45
001 1133603469
005 20110411170537.28
010    @a978-7-5113-0403-2@dCNY29.80
100    @a20110406d2010 em y0chiy0110 ea
101 0  @achi
102    @aCN@b110000
105    @ay z 000yy
106    @ar
200 1  @a女人的弱点@ANu^ Ren De Ruo Dian@dAffect women's life of defect@e影响女人一生的100个缺点@EYing Xiang Nu^ Ren Yi Sheng De 100 Ge Que Dian@f宇琦,尹逸如编著@FYu Qi, Yin Yi Ru Bian Zhu@zeng
210    @a北京@c中国华侨出版社@d2010
215    @a276页@d24cm
330    @a本书共11章,主要内容有:识别女人思维弱点避开前进路上的陷阱、清扫女人情绪弱点甩开阻碍成功的最大拦路虎等。
510 1  @aAffect women's life of defect@zeng
606 0  @a女性心理学@x成功心理@j通俗读物
606 0  @a女性心理学
606 0  @a成功心理
690    @aB848.4@v4
701  0 @a宇琦@AYu Qi@c(作家)@4编著
701  0 @a尹逸如@AYin Yi Ru@4编著
801  0 @aCN@bTANGWEI@c20110411
905    @b0535187-91@dB848.4@e1046@f5
    
    女人的弱点=Affect women's life of defect:影响女人一生的100个缺点/宇琦,尹逸如编著.-北京:中国华侨出版社,2010
    276页;24cm
    
    
    ISBN 978-7-5113-0403-2:CNY29.80
    本书共11章,主要内容有:识别女人思维弱点避开前进路上的陷阱、清扫女人情绪弱点甩开阻碍成功的最大拦路虎等。
●
相关链接 在E读中查询图书 在五车中查询图书 在当当中查询图书 在豆瓣中查询图书


正题名:女人的弱点     索取号:B848.4/1046         预约/预借

序号 登录号 条形码 馆藏地/架位号 状态 备注
1 0535187   205351876   第一样本阅览室/ [索取号:B848.4/1046] 在馆    
2 0535188   205351885   第一借阅区/ [索取号:B848.4/1046] 在馆    
3 0535189   205351894   第一借阅区/ [索取号:B848.4/1046] 在馆    
4 0535190   205351901   第一借阅区/ [索取号:B848.4/1046] 在馆    
5 0535191   205351910   第一借阅区/ [索取号:B848.4/1046] 在馆    
唐山师范学院图书馆 欢迎您!
大连网信软件有限公司© 版权所有